000
00301 a2200157 4500
001
175175
020
_a
040
_c
Magnum
100
_a
RennĂ³, Regina Coeli
240
1
0
_a
Aleijadinho
_l
por
245
1
0
_a
Aleijadinho
300
_a
39
362
0
_a
2001
697
_a
ESCULTORES
942
_c
BK
999
_c
175175
_d
175175